Apuntes para la materia : Cálculo I /
Guardado en:
| Autor Principal: | |
|---|---|
| Otros Autores: | , , |
| Formato: | Libro |
| Idioma: | Spanish |
| Publicado: |
Bahía Blanca :
Universidad Nacional del Sur. Departamento de Matematica,
1998.
|
| Materias: | |
| Etiquetas: |
Agregar Etiqueta
Sin Etiquetas, Sea el primero en etiquetar este registro!
|
| LEADER | 00673nam a22001935a 4500 | ||
|---|---|---|---|
| 001 | EUN.um067897 | ||
| 008 | 041125s1998####ag#a##########000#0#spa#d | ||
| 005 | 20141010105502.0 | ||
| 245 | 1 | 0 | |a Apuntes para la materia : |b Cálculo I / |c Estela Bianco, Aldo V. Figallo, Claudia Sanza, Alicia N. Ziliani. |
| 260 | |a Bahía Blanca : |b Universidad Nacional del Sur. Departamento de Matematica, |c 1998. | ||
| 300 | |a 182 p. : |b ilus. ; |c 29 cm. | ||
| 100 | 1 | |a Bianco, Estela. | |
| 700 | 1 | |a Figallo, Aldo V. | |
| 700 | 1 | |a Sanza, Claudia A. | |
| 700 | 1 | |a Ziliani, Alicia N. | |
| 082 | 0 | 4 | |a 517 |
| 653 | |a Matematica | ||
| 653 | |a Calculo | ||
| 859 | |a Ar-BaUNS |b BIB. CENTRAL - Sector A |h 517 |i B47 |p 111028/000 | ||
